000 01034nam a2200241 a 4500
001 56904
003 BD-RjUL
005 20211209080440.0
008 161204s1974 ii ||||| |||| 00| 0 ben d
020 _c: IRs 35.00
035 _a(BD-RjUL)57028
040 _aBD-RjUL
_bben
_cBD-RjUL
041 _aben
082 _223
_a181.4
_bBAP 1974
100 _aবাগচী, যোগেন্দ্রনাথ
_9135311
245 1 0 _aপ্রাচীনন্যায় ও প্রাচীনমীমাংসা দর্শন সম্মত প্রামাণ্যবাদ /
_cযোগেন্দ্রনাথ বাগচী
260 _aকলিকাতা :
_bসংস্কৃত পুস্তক,
_c১৯৭৪
300 _a২২০ পৃ. ;
_c২১ সেমি.
650 _aহিন্দু দর্শন
_9117481
650 _aHindu Philosophy
_9117482
700 _aবাগচী, শ্রীতাংশুশেখর, সম্পাদক
_9169156
942 _2ddc
_cBK
999 _c56904
_d56904